| 000 | 01289nam a2200241Ia 4500 | ||
|---|---|---|---|
| 999 |
_c53879 _d53879 |
||
| 001 | 20930 | ||
| 003 | GE_BSU | ||
| 005 | 20210624173011.0 | ||
| 008 | 181216s2017||||ge |||||||||||||| ||geo|| | ||
| 020 | _a9789941932397 | ||
| 040 | _cGE_BSU | ||
| 041 | _ageo | ||
| 080 | _a342.743(479.22)(094.4) ს–32 | ||
| 245 | _aსაქართველოს კანონი საქართველოს საგადასახადო კოდექსი 2017 წლის 2 ივნისის მდგომარეობით. | ||
| 250 | _aსაქართველოს იუსტიციის სამინისტრო | ||
| 264 |
_aთბილისი : _bიურისტების სამყარო, _c2017. |
||
| 300 |
_a400 გვ. : _bზამბარიანი აკინძვით ; _c20 სმ. |
||
| 541 | _h9ლ. | ||
| 653 | _aსამართალი | ||
| 653 | _aსაქართველოს კანონი საქართველოს საგადასახადო კოდექსი 2017 წლის 2 ივნისის მდგომარეობით | ||
| 653 | _aსაქართველოს საგადასახადო კოდექსი | ||
| 942 |
_cBK _2udc |
||